000
00329nam a2200133Ia 4500
008
191201s2008 xx 000 0 und d
082
_a
004.22
_b
HEC
100
_a
Heuring, Vincent P
245
0
_a
Computer Systems design and architecture
260
_a
N.Delhi
_b
pearson
_c
2008
300
_a
726
650
_a
MCA
942
_2
ddc
_c
BK
999
_c
3735
_d
3735